00493cam a2200169 a 4500020001700000040000800017082002500025100002400050245007200074260003700146300002700183500002000210650001800230650002500248650002600273650002400299 a0070654352 : cDLC00a332 MCG1992 A021 Or.1 aTuller, Lawrence W.14aThe McGraw-Hill handbook of global trade and investment financing / aNew York :bMcGraw-Hill,cc1992. axxiv, 535 p. ;c23 cm. aIncludes index. 0aExport credit 0aInvestments, Foreign 0aInternational finance 0aInternational trade